000 00565nam a2200205Ia 4500
005 20260429112017.0
008 260429s9999||||xx |||||||||||||| ||und||
020 _a9781032693422
041 _aEnglish
082 _a371
_bHEN
100 _aHeng, Mary Anne
245 0 _aInspiring purpose in high-performance schooling /
_cMary Anne Heng
250 _a1st ed.
260 _aNew Delhi :
_bRoutledge,
_c2024.
300 _axix, 162 p.; pbk
650 _a Educational excellence
650 _a Student motivation
650 _aSchool leadership
942 _cTB
999 _c51879
_d51879